NLSUI OPAC header image

Crisis of crisis (Record no. 7276)

MARC details
000 -LEADER
fixed length control field 00363nam a2200157Ia 4500
008 - FIXED-LENGTH DATA ELEMENTS--GENERAL INFORMATION
fixed length control field 160316s1972 xxu||||| |||| 00| 0 eng d
082 ## - DEWEY DECIMAL CLASSIFICATION NUMBER
Classification number 320.540000
Item number GHO
100 ## - MAIN ENTRY--PERSONAL NAME
Personal name Ghose Sisirkumar
245 ## - TITLE STATEMENT
Title Crisis of crisis
250 ## - EDITION STATEMENT
Edition statement
260 ## - PUBLICATION, DISTRIBUTION, ETC.
Place of publication, distribution, etc. Bangalore
Name of publisher, distributor, etc. Bharatiya Vidya Bhavan
Date of publication, distribution, etc. 1972
300 ## - PHYSICAL DESCRIPTION
Extent 90p.
Other physical details
Dimensions
365 ## - TRADE PRICE
Price amount Rs.2/-
650 ## - SUBJECT ADDED ENTRY--TOPICAL TERM
Topical term or geographic name entry element
700 ## - ADDED ENTRY--PERSONAL NAME
Personal name
--
Holdings
Withdrawn status Lost status Damaged status Not for loan Home library Current library Shelving location Date acquired Cost, normal purchase price Total Checkouts Full call number Barcode Date last seen Price effective from Koha item type
        . . Library Compactors 30.05.2017 2.00   320.54 GHO 7496 30.05.2017 30.05.2017 BOOKs